Catálogo - Centro de Recursos para el Aprendizaje y la Investigación
Volver al Sitio - CRAI Biblioteca| 000 -CABECERA | |
|---|---|
| campo de control de longitud fija | 01985nam a2200349 4500 |
| 001 - NÚMERO DE CONTROL | |
| campo de control | 113537 |
| 003 - IDENTIFICADOR DEL NÚMERO DE CONTROL | |
| campo de control | DR-UNIBE |
| 005 - FECHA Y HORA DE LA ÚLTIMA TRANSACCIÓN | |
| campo de control | 20260218163318.0 |
| 008 - DATOS DE LONGITUD FIJA--INFORMACIÓN GENERAL | |
| campo de control de longitud fija | 250502b2022 dr ||||| |||| 00| 0 spa d |
| 020 ## - NÚMERO INTERNACIONAL ESTÁNDAR DEL LIBRO | |
| Número Internacional Estándar del Libro | 9789945643466 (impreso) |
| 020 ## - NÚMERO INTERNACIONAL ESTÁNDAR DEL LIBRO | |
| Número Internacional Estándar del Libro | 9789945643480 (electrónico) |
| 040 ## - FUENTE DE LA CATALOGACIÓN | |
| Centro catalogador/agencia de origen | BIBLIOTECA UNIBE |
| Lengua de catalogación | spa |
| Centro/agencia transcriptor | BIBLIOTECA UNIBE |
| 041 ## - CÓDIGO DE LENGUA | |
| Código de lengua del texto/banda sonora o título independiente | spa |
| 082 ## - NÚMERO DE LA CLASIFICACIÓN DECIMAL DEWEY | |
| Número de edición | 22 |
| Número de clasificación | RD 364.6 T231j 2022 |
| 100 ## - ENTRADA PRINCIPAL--NOMBRE DE PERSONA | |
| Nombre de persona | Tavárez Justo, Manuel Aurelio (Manolo), |
| Fechas asociadas al nombre | 1931-1963 |
| Término indicativo de función/relación | autor |
| 9 (RLIN) | 162915 |
| 245 10 - MENCIÓN DE TÍTULO | |
| Título | Justicia y castigo : |
| Resto del título | consideraciones sobre la evolución histórica de los sistemas penales / |
| Mención de responsabilidad, etc. | Manuel Aurelio Tavárez Justo |
| 250 ## - MENCIÓN DE EDICIÓN | |
| Mención de edición | Primera edición |
| 260 ## - PUBLICACIÓN, DISTRIBUCIÓN, ETC. | |
| Lugar de publicación, distribución, etc. | Santo Domingo : |
| Nombre del editor, distribuidor, etc. | Tribunal Constitucional. Centro de Estudios Constitucionales, |
| Fecha de publicación, distribución, etc. | 2022 |
| 300 ## - DESCRIPCIÓN FÍSICA | |
| Extensión | xx, 79 páginas ; |
| Dimensiones | 24 cm |
| 490 ## - MENCIÓN DE SERIE | |
| Mención de serie | Clásicos de derecho constitucional |
| 504 ## - NOTA DE BIBLIOGRAFÍA, ETC. | |
| Nota de bibliografía, etc. | Incluye referencias bibliográficas (página: 79) e índice |
| 505 0# - NOTA DE CONTENIDO CON FORMATO | |
| Nota de contenido con formato | Palabras del Magistrado presidente Dr. Milton Ray Guevara |<br/>Manolo Tavárez Justo: el penalista que nos arrebataron |<br/>Justicia y castigo. Introducción |<br/>CAPÍTULO I. DERECHO PENAL ANTIGUO |<br/>Sección I. Historia de los orígenes del derecho penal |<br/>Los fósiles jurídicos |<br/>Sección II. Consideraciones sobre la evolución |<br/>CAPÍTULO II. CONSIDERACIONES SOBRE LA EVOLUCIÓN HISTÓRICA DE LOS SISTEMAS PENALES |<br/>Sección I. El derecho moderno. Derecho penal clásico |<br/>Sección II. Derecho penal positivista |<br/>El delincuente. Evolución de estos conceptos |<br/>Instituciones penitenciarias |<br/> Conclusiones |<br/> Bibliografía <br/> |
| 650 #7 - PUNTO DE ACCESO ADICIONAL DE MATERIA--TÉRMINO DE MATERIA | |
| Fuente del encabezamiento o término | lemb |
| Término de materia o nombre geográfico como elemento de entrada | Derecho penal |
| 650 #7 - PUNTO DE ACCESO ADICIONAL DE MATERIA--TÉRMINO DE MATERIA | |
| Fuente del encabezamiento o término | lemb |
| Término de materia o nombre geográfico como elemento de entrada | Procedimiento penal |
| 650 #7 - PUNTO DE ACCESO ADICIONAL DE MATERIA--TÉRMINO DE MATERIA | |
| Fuente del encabezamiento o término | lemb |
| Término de materia o nombre geográfico como elemento de entrada | Penas |
| 650 #7 - PUNTO DE ACCESO ADICIONAL DE MATERIA--TÉRMINO DE MATERIA | |
| Fuente del encabezamiento o término | lemb |
| Término de materia o nombre geográfico como elemento de entrada | Filosofía del derecho penal |
| 9 (RLIN) | 143635 |
| 700 1# - PUNTO DE ACCESO ADICIONAL--NOMBRE DE PERSONA | |
| Nombre de persona | Tavárez Mirabal, Minou, |
| Fechas asociadas al nombre | 1956- |
| 9 (RLIN) | 49124 |
| 700 1# - PUNTO DE ACCESO ADICIONAL--NOMBRE DE PERSONA | |
| Nombre de persona | Ray Guevara, Milton, |
| Fechas asociadas al nombre | 1948- |
| Término indicativo de función/relación | presentación |
| 9 (RLIN) | 154714 |
| 700 1# - PUNTO DE ACCESO ADICIONAL--NOMBRE DE PERSONA | |
| Nombre de persona | Casado, Yissel |
| Término indicativo de función/relación | diagramación |
| 9 (RLIN) | 55534 |
| 700 1# - PUNTO DE ACCESO ADICIONAL--NOMBRE DE PERSONA | |
| Nombre de persona | Read, Enrique |
| Término indicativo de función/relación | diseño de portada |
| 9 (RLIN) | 148123 |
| 942 ## - ELEMENTOS DE PUNTO DE ACCESO ADICIONAL (KOHA) | |
| Fuente del sistema de clasificación o colocación | Sistema de Clasificación Decimal Dewey |
| Tipo de ítem Koha | Libro (general) |
| Estado de retiro | Estado de pérdida | Fuente del sistema de clasificación o colocación | No para préstamo | Código de colección | Localización permanente | Fecha de adquisición | Total de préstamos | Signatura topográfica completa | Código de barras | Fecha visto por última vez | Número de copia | Precio válido a partir de | Tipo de ítem Koha |
|---|---|---|---|---|---|---|---|---|---|---|---|---|---|
| Disponible | Sistema de Clasificación Decimal Dewey | General - Libros dominicanos | Biblioteca Central UNIBE | 03/03/2025 | RD 364.6 T231j 2022 | 250294 | 02/05/2025 | Ej. 1 | 02/05/2025 | Libro (general) |